Statistics for Players Who Have Completed Football

Click here to take the quiz!

General Stats

  • This quiz has been taken 763 times
  • The average score is 5 of 6

Answer Stats

NationalityBallon d’OrFIFA World CupContinentalEuropean CupDomestic LeaguePlayer% Correct
Argentina2009, 2010, 2011, 2012, 2015, 2019, 2021202220212006, 2009, 2011, 20152004–05, 2005–06, 2008–09, 2009–10, 2010–11, 2012–13, 2014–15, 2015–16, 2017–18, 2018–19, 2021–22Lionel Messi
99%
France19981998200020021996–97, 1997–98, 2002–03Zinedine Zidane
90%
Brazil20052002199920062004–05, 2005–06, 2010–11Ronaldinho
88%
Germany1970197419721974, 1975 and 19761968–69, 1971–72, 1972–73, 1973–74Gerd Müller
82%
Germany1972 & 1976197419721974, 1975 and 19761968–69, 1971–72, 1972–73, 1973–74, 1981–82Franz Beckenbauer
72%
Brazil19992002199920031994, 1997–98, 1998–99Rivaldo
62%

Score Distribution

Percentile by Number Answered

Percent of People with Each Score

Your Score History

You have not taken this quiz